1160 1104 1236 1961 1545 1794 1814 1016 1652 1197 1077 1740 1563 1831 1563 1553 1669 1143 1207 1127 1357 1915 1081 1618 1892 1416 1643 1973 1912 1792 1560 1197 1001 1133 1444 1961 1183 1972 1806 1998 1404 1667 1570 1253 1444 1956 1389 1232 1493 1599 1627 1738 1435 1073 1297 1938 1485 1749 1244 1536 1046 1691 1646 1827 1288 1075 1985 1725 1522 1660 1870 1521 1202 1409 1271 1134 1438 1754 1749 1222 1005 1953 1111 1410 1475 1452 1668 1700 1242 1317 1054 1831 1276 1576 1164 1061 1096 1159 1691 BCNSPRNW ULIB Ver.6.0+V

เปลี่ยนเป็นภาษาไทย

Change to English
 แสดงรายละเอียดบรรณานุกรม
  กลับหน้าหลัก

Brief Record : Get Marc (ISO 2709) : E-mail record : QR code < ปิดหน้าต่าง
LEADER : 00000nam 2200000uu 4500
001    13399122399
003     ULIB
008    130319s2550||||th 000 0 tha d
020    ^a9789743264504
050  4 ^aHA36^bก351ก
245 00 ^aการสำรวจค่าใช้จ่ายและบุคลากรทางการวิจัยและพัฒนาของประเทศไทย ประจำปี 2550 =^b2007 National survey on R&D expenditure and personnel of Thailand /^cกองนโยบายและวางแผนการวิจัย สำนักงานคณะกรรมการวิจัยแห่งชาติ กระทรวงวิทยาศาสตร์ เทคโนโลยีและสิ่งแวดล้อม
246 31 ^aNational survey on R&D expenditure and personnel of Thailand
260    ^a[กรุงเทพฯ] :^bโรงพิมพ์ชุมนุมสหกรณ์การเกษตรแห่งประเทศไทย,^c2550
300    ^a 129 หน้า,^bตาราง,แผนภูมิ
500    ^aปีที่พิมพ์ในเลขเรียกหนังสือเป็นปีที่ปรากฏบนหน้าปกใน
500    ^aข้อมูลส่วนใหญ่เป็นตาราง
650  7 ^aนักวิจัย^zไทย^xค่าใช้จ่าย^vการสำรวจ
650  7 ^aนักวิจัย^zไทย^xค่าใช้จ่าย^vสถิติ
710 2  ^aสำนักงานคณะกรรมการวิจัยแห่งชาติ.^bกองนโยบายและวางแผนการวิจัย
740 02 ^a2001 National survey on R&D expenditure and personnel of Thailand
945    ^p0^l0^i033628
999    ^aเกษร
รายการนี้ยังไม่มีแท็ก
คุณยังไม่ได้ล็อกอิน คุณสามารถมีกิจกรรมร่วมกับเว็บไซต์ได้ แต่ต้องล็อกอินก่อน ::
  ล็อกอิน

รายการสื่อสารสนเทศ

ลำดับที่ ประเภท เลขเรียก/บาร์โค้ด สถานที่ สถานะ
1. การศึกษาทั่วไป
การศึกษาทั่วไป
HA36 ก351ก  
  Barcode: 033628
ห้องสมุดวิทยาเขตสวรรค์ประชารักษ์
►หนังสือทั่วไป
บนชั้น

BibComment


ยังไม่เคยถูกคอมเมนท์

คอมเมนท์ทรัพยากรรายการนี้
  คอมเมนท์: การสำรวจค่าใช้จ่..


 Copyright 2026. Bcnsprnw @Library